| 000 | 00354nam a2200121Ia 4500 | ||
|---|---|---|---|
| 008 | 160609s9999 xx 000 0 und d | ||
| 100 | _aSherrin, Maxine. | ||
| 245 | _aComplete CSS Guide | ||
| 245 | _cby Maxine Sherrin, John Allsopp | ||
| 260 | _c2013 | ||
| 650 | _xWEB DESIGN | ||
| 856 | _uhttp://westciv.com/style_master/academy/css_tutorial/index.html | ||
| 999 |
_c295815 _d295815 |
||